El mundo maravilloso del lenguaje: problemas, métodos y resultados de la lingüística moderna
Salvato in:
| Autore principale: | |
|---|---|
| Natura: | Libro |
| Lingua: | spagnolo |
| Pubblicazione: |
Madrid, España:
Gredos,
1970.
|
| Edizione: | Segunda edición corregida y aumentada. |
| Serie: | Biblioteca Románica Hispánica. Manuales, 11
|
| Soggetti: | |
| Tags: |
Aggiungi Tag
Nessun Tag, puoi essere il primo ad aggiungerne!!
|
MARC
| LEADER | 00000nam a2200000 a 4500 | ||
|---|---|---|---|
| 001 | UCQ2735 | ||
| 003 | CL-VaPUC | ||
| 005 | 20220822114450.0 | ||
| 008 | 980731e19700000SP |||||||||||||||||spa|d | ||
| 999 | |c 435754 |d 435752 | ||
| 040 | |c Pontificia Universidad Católica de Valparaíso | ||
| 082 | 0 | 4 | |a 410 POR 1970 |2 21 |
| 100 | 0 | |a Porzig, Walter |e autor |9 416786 | |
| 245 | 1 | 3 | |a El mundo maravilloso del lenguaje: problemas, métodos y resultados de la lingüística moderna |
| 250 | |a Segunda edición corregida y aumentada. | ||
| 260 | |a Madrid, España: |b Gredos, |c 1970. | ||
| 300 | |a 485 páginas | ||
| 490 | 0 | |a Biblioteca Románica Hispánica. Manuales, 11 | |
| 500 | |a c.1. Donación Familia Prof. Alejandro Guzmán Brito. | ||
| 583 | |a last modification |c 19980731 00:00:00 |k Cristina María Rojas Aguilar | ||
| 650 | 0 | |a Lenguaje |9 265069 | |
| 650 | 0 | |a Lingüística moderna |9 870111 | |
| 650 | 0 | |a Investigación lingüística |9 329785 | |
| 650 | 0 | |a Sociolingüística |9 263716 | |
| 942 | |c BK |2 ddc |n 0 | ||
| 952 | |0 0 |1 0 |2 ddc |4 0 |6 410_000000000000000_POR_1970 |7 0 |8 C_AGB |9 583353 |a BIBDER |b BIBDER |d 2022-06-02 |e Donación |i 5651486 |o 410 POR 1970 |p 5651486 |r 2023-01-25 |t 1 |w 2022-06-02 |y BK_US |k AGB | ||